Comparison of growing of mung bean and cow pea under condition of royal university of agriculture, ប្រៀធផបការលូតលាស់រវាងសណ្តែកបាយ និងសណ្ដែកអង្គុយ ក្នុងលក្ខខណ្ឌសាកលវិទ្យាល័យភូមិន្ទកសិកម្ម (Record no. 2874)

000 -LEADER
fixed length control field 00725nam a22001577a 4500
003 - CONTROL NUMBER IDENTIFIER
control field OSt
005 - DATE AND TIME OF LATEST TRANSACTION
control field 20151031083324.0
008 - FIXED-LENGTH DATA ELEMENTS--GENERAL INFORMATION
fixed length control field 151031b xxu||||| |||| 00| 0 eng d
040 ## - CATALOGING SOURCE
Transcribing agency RUA
082 ## - DEWEY DECIMAL CLASSIFICATION NUMBER
Classification number ATM.s CHH 2004 B058 Or.1
100 ## - MAIN ENTRY--PERSONAL NAME
9 (RLIN) 3084
Personal name CHHANG, TITTYA.
245 ## - TITLE STATEMENT
Title Comparison of growing of mung bean and cow pea under condition of royal university of agriculture, ប្រៀធផបការលូតលាស់រវាងសណ្តែកបាយ និងសណ្ដែកអង្គុយ ក្នុងលក្ខខណ្ឌសាកលវិទ្យាល័យភូមិន្ទកសិកម្ម
260 ## - PUBLICATION, DISTRIBUTION, ETC. (IMPRINT)
Place of publication, distribution, etc. Phnom Penh
Name of publisher, distributor, etc. RUA
Date of publication, distribution, etc. 2004
300 ## - PHYSICAL DESCRIPTION
Extent x; 48p.
Other physical details ill.
Dimensions 29cm.
942 ## - ADDED ENTRY ELEMENTS (KOHA)
Source of classification or shelving scheme
Koha item type ATM.s
Holdings
Price effective from Date last seen Permanent Location Not for loan Date acquired Source of classification or shelving scheme Koha item type Lost status Withdrawn status Date last checked out Total Checkouts Shelving location Damaged status Barcode Current Location Full call number
2015-10-312018-08-13Library Block B 2015-10-31 ATM.s  2018-07-311B058 RUA004092Library Block BATM.s CHH 2004 B058 Or.1
2015-10-312015-10-31Library Block B 2015-10-31 ATM.s    B058 RUA004382Library Block BATM.s CHH 2004 B058 Or.2
2015-10-312018-08-10Library Block B 2015-10-31 ATM.s  2018-07-311B058 RUA004164Library Block BATM.s CHH 2004 B058 Or.3
2015-10-312019-12-13Library Block B 2015-10-31 ATM.s  2019-12-061B058 RUA004091Library Block BATM.s CHH 2004 B058 Or.4
2015-10-312015-10-31Library Block B 2015-10-31 ATM.s    B058 RUA008571Library Block BATM.s CHH 2004 B058 Or.5
2015-10-312015-10-31Library Block B 2015-10-31 ATM.s    B058 RUA004441Library Block BATM.s CHH 2004 B058 Or.6
មជ្ឈមណ្ឌលឯការនៃសាកលវិទ្យាល័យភូមិន្ទកសិកម្មចំការដូង

Powered by Koha